The US Army Engineer School apprenticeship program for the trade of drafter (architectural).

Bibliographic Details
Corporate Authors: United States. Department of the Army, United States. Army Engineer School, Fort Belvoir, Va
Format: Government Document Book
Language:English
Published: [Washington] : Dept. of Defense, Dept. of the Army, Headquarters, 1978.
Series:DA pam ; 621-113.
Subjects:

MARC

Tag First Indicator Second Indicator Subfields
LEADER 00000cam a2200000 i 4500
001 in00000798607
005 20151017081545.0
008 780420s1978 dcu b f00010 eng d
010 |a gp 78012711  
020 |c pbk. 
035 |a (OCoLC)03821923 
035 |9 ADR3346AM 
037 |b AG Publications Center, 2800 Eastern Boulevard, Baltimore, Md. 21220 
040 |c GPO  |d UtOrBLW 
043 |a n-us--- 
074 |a 327-E 
086 |a D 101.22:621-113 
110 1 |a United States.  |b Department of the Army. 
245 1 4 |a The US Army Engineer School apprenticeship program for the trade of drafter (architectural). 
264 1 |a [Washington] :  |b Dept. of Defense, Dept. of the Army, Headquarters,  |c 1978. 
300 |a 11 pages in various pagings ;  |c 28 cm. 
336 |a text  |b txt  |2 rdacontent 
337 |a unmediated  |b n  |2 rdamedia 
338 |a volume  |b nc  |2 rdacarrier 
490 1 |a DA pam ;  |v 621-113 
500 |a Issued March 1978. 
610 1 0 |a United States.  |b Army  |v Handbooks, manuals, etc. 
650 0 |a Architectural drawing  |x Vocational guidance. 
650 0 |a Apprentices  |z United States. 
710 1 |a United States.  |b Army Engineer School, Fort Belvoir, Va. 
740 4 |a The U.S. Army Engineer School apprenticeship program for the trade of drafter (architectural). 
830 0 |a DA pam ;  |v 621-113. 
999 |a MARS 
999 f f |s a159fc0b-03fa-3e0d-a2f8-a88f1d4f309c  |i 3fb31e8b-b29a-3ae6-b051-470225d1b8bb  |t 0 
952 f f |p normal  |a Texas A&M University  |b College Station  |c Sterling C. Evans Library  |d Evans: US Documents (Annex 5th floor)  |t 0  |e D 101.22:621-113  |h Superintendent of Documents classification  |i unmediated -- volume  |m A14815917413 
998 f f |a D 101.22:621-113  |t 0  |l Evans: US Documents (Annex 5th floor)